| 000 | 00699nam0 2200229 4500 | ||
|---|---|---|---|
| 001 | 31895 | ||
| 005 | 20230224110917.0 | ||
| 010 | _a9788862585194 | ||
| 090 | _a31895 | ||
| 100 | _a20211213d2021 b||u0itay50 ba | ||
| 101 |
_aita _arum |
||
| 102 | _aIT | ||
| 200 | 1 |
_aNon si picchia, Anna! _dNu-i voie să lovești, Ana! _fKathleen Amant |
|
| 210 |
_aCornaredo _cIl castello _aHasselt [etc.] _cClavis _d©2021 |
||
| 215 |
_a1 volume _cin gran parte ill. _d23 cm |
||
| 300 | _aFascia d'età: 0-5 anni | ||
| 300 | _aTesto in rumeno e italiano | ||
| 500 | 1 | 0 |
_aNiet slaat, Anna! _9Amant, Kathleen |
| 610 | _aLetteratura per l'infanzia | ||
| 700 |
_aAmant _bKathleen _923067 |
||
| 801 | 3 |
_aIT _bICCU _c20230213 |
|
| 942 | _cBK | ||